Niagara Niagara

Δύο έφηβοι, η Μάρσυ που πάσχει από σύνδρομο Tourette και ο Σεθ, ξεκινούν ένα ταξίδι προς τον Καναδά, κατά την διάρκεια του οποίου αγωνίζονται να επιβιώσουν κουβαλώντας το εφηβικό τους άγχος, μέσα σε μια άκαμπτη και άδικη κοινωνία....

Πλήρης περιγραφή

Αποθηκεύτηκε σε:
Λεπτομέρειες βιβλιογραφικής εγγραφής
Άλλοι συγγραφείς: Gosse, Bob, 1963- (Διευθυντής), Thomas, Henry, 1971- (Ηθοποιός), Tunney, Robin (Ηθοποιός)
Μορφή: Διαφάνειες
Γλώσσα:English
Greek
Δημοσίευση: Αθήνα : ArtFree, 2003.
Θέματα:
Ετικέτες: Προσθήκη ετικέτας
Δεν υπάρχουν, Καταχωρήστε ετικέτα πρώτοι!

MARC

LEADER 00000cgm a2200000 i 4500
001 1/1259
008 090903s2003 gr ||| | || ||eng||
035 |l 10105532 
040 |a GR-MyUa  |b gre  |e AACR2 
041 0 |a eng  |j gre 
082 7 |a 791.437   |2 (22) 
245 0 0 |a Niagara Niagara   |h [μαγνητοσκόπηση] /   |c [directed by Bob Gosse]. 
260 |a Αθήνα :   |b ArtFree,   |c 2003. 
300 |a 1 βιντεοδίσκος (96 λεπτ.) :   |b ομίλ., έγχρ. ;   |c 4 3/4 ίν. 
500 |a Κυκλοφόρησε πρώτη φορά ως κινηματογραφική ταινία το 1997. 
511 0 |a Henry Thomas, Robin Tunney. 
520 8 |a Δύο έφηβοι, η Μάρσυ που πάσχει από σύνδρομο Tourette και ο Σεθ, ξεκινούν ένα ταξίδι προς τον Καναδά, κατά την διάρκεια του οποίου αγωνίζονται να επιβιώσουν κουβαλώντας το εφηβικό τους άγχος, μέσα σε μια άκαμπτη και άδικη κοινωνία. 
521 8 |a Ακατάλληλο κάτω των 18 ετών. 
546 |a Στα αγγλικά με υπότιτλους τα ελληνικά. 
586 8 |a Βραβείο καλύτερης ερμηνείας, Φεστιβάλ Βενετίας, 1997 
650 0 |a Juvenile delinquents  |v Drama. 
655 7 |a Feature films  |2 lcgft 
700 1 |a Gosse, Bob,   |d 1963-  |e drt 
700 1 |a Thomas, Henry,   |d 1971-  |e act 
700 1 |a Tunney, Robin,  |e act 
852 |a INST  |b SYROS  |c AV  |e 20090903  |h 791.437 GOS  |p 005500008212  |q 005500008212  |t DVD  |y 23 
901 |a BIBL5-2008-1 
922 |a 5ΕΛΗ  |b 200810  |c Βιβλιοθήκη Σύρου  |d DVD Club Enter 
970 |a Κοντού  |b Παρασκευή  |z 03/09/2009